Statistics for Top 5 NBA players in every position (2021)

Click here to take the quiz!

General Stats

  • This quiz has been taken 1,313 times
  • The average score is 15 of 25

Answer Stats

HintAnswer% Correct
#1Stephen Curry
97%
#1LeBron James
95%
#1Nikola Jokic
88%
#2Joel Embiid
86%
#2James Harden
83%
#3Kevin Durant
83%
#3Kyrie Irving
78%
#3Luka Doncic
75%
#4Chris Paul
74%
#2Damian Lillard
74%
#2Anthony Davis
73%
#2Kawhi Leonard
69%
#1Giannis Antetokoumpo
66%
#4Paul George
59%
#5Jason Tatum
58%
#5Trae Young
54%
#1Bradley Beal
49%
#4Jimmy Butler
48%
#4Bam Adebayo
40%
#5Zach LaVine
34%
#3Zion Williamson
29%
#4Khris Middleton
27%
#5Julius Randle
22%
#3DeAndre Jordan
16%
#5Marc Gasol
12%

Score Distribution

Percentile by Number Answered

Percent of People with Each Score

Your Score History

You have not taken this quiz